El Estado y la educación en América Latina / (Registro nro. 11787)
[ vista simple ]
| 000 -CABECERA | |
|---|---|
| campo de control de longitud fija | 00789cam a2200265 a 4500 |
| 001 - NÚMERO DE CONTROL | |
| campo de control | 000012122 |
| 003 - IDENTIFICADOR DEL NÚMERO DE CONTROL | |
| campo de control | DO-SdBNP |
| 005 - FECHA Y HORA DE LA ÚLTIMA TRANSACCIÓN | |
| campo de control | 20260430140024.0 |
| 008 - DATOS DE LONGITUD FIJA--INFORMACIÓN GENERAL | |
| campo de control de longitud fija | 850613s1978 ve b 001 0 spa |
| 040 ## - FUENTE DE LA CATALOGACIÓN | |
| Centro catalogador/agencia de origen | DO-SdBNP |
| Centro/agencia transcriptor | DLC |
| Centro/agencia modificador | DLC |
| 043 ## - CÓDIGO DE ÁREA GEOGRÁFICA | |
| Código de área geográfica | cl----- |
| 049 ## - FONDOS LOCALES (OCLC) | |
| Fondos de biblioteca | BNGR |
| 082 ## - NÚMERO DE LA CLASIFICACIÓN DECIMAL DEWEY | |
| Número de clasificación | 379.098 |
| Número de documento/Ítem | P949e, 1978 |
| 100 1# - ENTRADA PRINCIPAL--NOMBRE DE PERSONA | |
| Nombre de persona | Prieto F., Luis B., |
| Fechas asociadas al nombre | 1902-1993 |
| Forma completa/desarrollada del nombre | (Luis Beltrán Prieto Figueroa), |
| 9 (RLIN) | 83787 |
| 245 13 - MENCIÓN DE TÍTULO | |
| Título | El Estado y la educación en América Latina / |
| Mención de responsabilidad, etc. | Luis B. Prieto F. |
| 250 ## - MENCIÓN DE EDICIÓN | |
| Mención de edición | 2a ed. |
| 260 ## - PUBLICACIÓN, DISTRIBUCIÓN, ETC. | |
| Lugar de publicación, distribución, etc. | Caracas : |
| Nombre del editor, distribuidor, etc. | Monte Ávila Editores, |
| Fecha de publicación, distribución, etc. | 1978. |
| 300 ## - DESCRIPCIÓN FÍSICA | |
| Extensión | 303 p. ; |
| Dimensiones | 18 cm. |
| 490 1# - MENCIÓN DE SERIE | |
| Mención de serie | Estudios |
| 504 ## - NOTA DE BIBLIOGRAFÍA, ETC. | |
| Nota de bibliografía, etc. | Bibliography: p. 299-303. |
| 650 #0 - PUNTO DE ACCESO ADICIONAL DE MATERIA--TÉRMINO DE MATERIA | |
| Término de materia o nombre geográfico como elemento de entrada | Política educativa |
| 9 (RLIN) | 28664 |
| 830 #0 - PUNTO DE ACCESO ADICIONAL DE SERIE-TÍTULO UNIFORME | |
| Título uniforme | Estudios ; |
| 9 (RLIN) | 3854 |
| 910 ## - DATOS DE OPCIÓN DEL USUARIO (OCLC) | |
| Datos de opción del usuario | Catalogación derivada |
| 942 ## - ELEMENTOS DE PUNTO DE ACCESO ADICIONAL (KOHA) | |
| Fuente del sistema de clasificación o colocación | Dewey Decimal Classification |
| Tipo de ítem Koha | Libro |
| Estado de retiro | Estado de pérdida | Restricciones de uso | No para préstamo | Código de colección | Localización permanente | Ubicación/localización actual | Ubicación en estantería | Fecha de adquisición | Número de inventario | Total de préstamos | Signatura topográfica completa | Código de barras | Fecha visto por última vez | Precio válido a partir de | Tipo de ítem Koha |
|---|---|---|---|---|---|---|---|---|---|---|---|---|---|---|---|
| Préstamo interno | Monografías: Libros y Folletos | General | General | En catalogación | 04.11.2009 | LF1 | 379.098 P949e, 1978 | 12122-10 | 25.06.2020 | 25.06.2020 | Préstamo interno |
